Normal view
MARC view
- Supervisor Muhammad Junaid Khan
Entry Personal Name
001 - CONTROL NUMBER
- control field: 118104
003 - CONTROL NUMBER IDENTIFIER
- control field: NUST
005 - DATE AND TIME OF LATEST TRANSACTION
- control field: 20230923122839.0
008 - FIXED-LENGTH DATA ELEMENTS
- fixed length control field: 230923|| aca||aabn | a|a d
040 ## - CATALOGING SOURCE
- Original cataloging agency: NUST
- Transcribing agency: NUST
100 ## - HEADING--PERSONAL NAME
- Personal name: Supervisor Muhammad Junaid Khan
670 ## - SOURCE DATA FOUND
- Source citation: Work cat.: (NUST): Awais, Aatir 118103, Design an Application Compatible with HF Radios for Messaging and Data Sharing /
